[Event "December Holiday Games"]
[Site "SchemingMind.com"]
[Date "2016.01.01"]
[Round "-"]
[White "Transcendent"]
[Black "DANDYLIONHONEYBADGER"]
[Result "1-0"]
[WhiteCountry "ENG"]
[BlackCountry "USA"]
[WhiteElo "1656"]
[WhiteRD "56"]
[BlackElo "1335"]
[BlackRD "77"]
[GameID "392612"]

1. d4 d5 2. c4 dxc4 3. e3 Nf6 4. Bxc4 e6 5. Nf3 Bb4+ 6. Bd2 Nc6 7. Qa4 Bd7 8. Bxb4 Nxb4 9. Qxb4 Qe7 10. Qxb7 Rc8
11. Qxa7 Qb4+ 12. Nbd2 Qxb2 13. Rb1 Ra8 14. Qxa8+ Ke7 15. Qxh8 Ne4 16. Rxb2 Nf6 17. O-O Be8 18. Qxg7 Nh5 19. Qg5+ f6 20. Qc5+ Kf7
21. Qxc7+ Kf8 22. Bxe6 Ng7 23. Bd5 Nf5 24. Rb8 Ng7 25. Qf7#
1-0

[Event "December Holiday Games"]
[Site "SchemingMind.com"]
[Date "2016.01.02"]
[Round "-"]
[White "DANDYLIONHONEYBADGER"]
[Black "Transcendent"]
[Result "1-0"]
[WhiteCountry "USA"]
[BlackCountry "ENG"]
[WhiteElo "1335"]
[WhiteRD "77"]
[BlackElo "1656"]
[BlackRD "56"]
[GameID "392613"]

1. Nc3 d5 2. d4 Nf6 3. f3 c5 4. e4 dxe4 5. dxc5 Qxd1+ 6. Kxd1 exf3 7. Nxf3 Nc6 8. Bb5 Bd7 9. Re1 O-O-O 10. Bd2 a6
11. Bxc6 Bxc6 12. Kc1 e6 13. Ne5 Be8 14. Ne4 Nxe4 15. Rxe4 Bxc5 16. Rc4 b6 17. b4
1-0

[Event "December Holiday Games"]
[Site "SchemingMind.com"]
[Date "2016.01.03"]
[Round "-"]
[White "Mitch The Man"]
[Black "Wojtek26"]
[Result "0-1"]
[WhiteCountry "USA"]
[BlackCountry "POL"]
[WhiteElo "1396"]
[WhiteRD "59"]
[BlackElo "1450"]
[BlackRD "75"]
[GameID "393063"]

1. e4 e5 2. Nf3 Nc6 3. c3 Nf6 4. Bd3 Bc5 5. h3 O-O 6. O-O d6 7. b4 Bb6 8. Qe1 h6 9. a4 a6 10. b5 axb5
11. Bxb5 Bd7 12. Qd1 Nxe4 13. d3 Nf6 14. Re1 Nd5 15. Bd2 Nce7 16. Bxd7 Qxd7 17. c4 Nf6 18. Kh2 Bxf2 19. Re2 Bb6 20. a5 Ba7
21. Be3 Bxe3 22. Rxe3 Nf5 23. Re1 Qc6 24. Nc3 g5 25. g4 Nd4 26. Nxd4 exd4 27. Nb5 Rfe8 28. Rxe8+ Rxe8 29. Qf1 Qd7 30. Qxf6 Re2+
31. Kg1 Qe8 32. Rf1 Qe3+ 33. Kh1 Qxh3+
0-1

[Event "December Holiday Games"]
[Site "SchemingMind.com"]
[Date "2016.01.03"]
[Round "-"]
[White "Wojtek26"]
[Black "Mitch The Man"]
[Result "1-0"]
[WhiteCountry "POL"]
[BlackCountry "USA"]
[WhiteElo "1450"]
[WhiteRD "75"]
[BlackElo "1396"]
[BlackRD "59"]
[GameID "393064"]

1. d4 d5 2. c4 c6 3. e3 a6 4. Bd3 e6 5. Nf3 Be7 6. O-O Bf6 7. c5 Ne7 8. a3 O-O 9. b4 Ng6 10. Bb2 Nd7
11. Nbd2 b5 12. cxb6 Nxb6 13. Ne5 Nxe5 14. dxe5 Be7 15. Qh5 g6 16. Qe2 Nd7 17. e4 Bb7 18. Nf3 Kg7 19. exd5 cxd5 20. Rac1 Nb6
21. Rc2 Na4 22. Bd4 Rc8 23. Rfc1 Rxc2 24. Rxc2 Qb8 25. h4 Rc8 26. Rxc8 Qxc8 27. Qc2 Qxc2 28. Bxc2 Bc6 29. g3 h6 30. Bxa4 Bxa4
31. Bc5 Bxc5 32. bxc5 Kf8 33. g4 Ke8 34. g5 Kd7 35. gxh6
1-0

[Event "December Holiday Games"]
[Site "SchemingMind.com"]
[Date "2016.01.03"]
[Round "-"]
[White "grabapawn"]
[Black "Wojtek26"]
[Result "1-0"]
[WhiteCountry "USA"]
[BlackCountry "POL"]
[WhiteElo "1649"]
[WhiteRD "64"]
[BlackElo "1450"]
[BlackRD "75"]
[GameID "393065"]

1. e4 e5 2. Nf3 Nc6 3. Nc3 d6 4. d4 exd4 5. Nxd4 Nxd4 6. Qxd4 Nf6 7. Bg5 Be7 8. O-O-O h6 9. Bh4 O-O 10. e5 Ne8
11. g3 Bxh4 12. gxh4 Be6 13. Nd5 c6 14. Nf4 d5 15. Rg1 f6 16. Nh5 fxe5 17. Qxe5 Rf7 18. Qxe6
1-0

[Event "December Holiday Games"]
[Site "SchemingMind.com"]
[Date "2016.01.03"]
[Round "-"]
[White "Wojtek26"]
[Black "grabapawn"]
[Result "0-1"]
[WhiteCountry "POL"]
[BlackCountry "USA"]
[WhiteElo "1450"]
[WhiteRD "75"]
[BlackElo "1649"]
[BlackRD "64"]
[GameID "393066"]

1. d4 d5 2. c4 Nf6 3. e3 Nc6 4. Nf3 Bf5 5. Be2 e6 6. O-O dxc4 7. Bxc4 Bd6 8. a3 Qd7 9. Bb5 a6 10. Bd3 Ne4
11. Nc3 Nxc3 12. bxc3 O-O 13. c4 b6 14. Nh4 Bxd3 15. Qxd3 Ne7 16. e4 Ng6 17. Nxg6 fxg6 18. e5 Be7 19. d5 Rf5 20. Re1 Bc5
21. Be3 Re8 22. Bxc5 bxc5 23. Qb3 h5 24. dxe6 Rxe6 25. Red1 Qe7 26. Rd2 Rfxe5 27. Qb8+ Kh7 28. g3 Re1+ 29. Rxe1 Rxe1+ 30. Kg2 Qe4+
31. Kh3 Rg1 32. f4 Qf5+
0-1

[Event "December Holiday Games"]
[Site "SchemingMind.com"]
[Date "2016.01.04"]
[Round "-"]
[White "jacksrking"]
[Black "Wojtek26"]
[Result "0-1"]
[WhiteCountry "USA"]
[BlackCountry "POL"]
[WhiteElo "1375"]
[WhiteRD "65"]
[BlackElo "1540"]
[BlackRD "62"]
[GameID "393067"]

1. e4 e5 2. Nf3 Nc6 3. Nc3 d6 4. Bb5 Bd7 5. O-O Nf6 6. d3 Be7 7. Bxc6 Bxc6 8. Bg5 O-O 9. Bxf6 Bxf6 10. b3 h6
11. a4 Qe7 12. b4 a6 13. b5 axb5 14. axb5 Bd7 15. Rxa8 Rxa8 16. Nd5 Qd8 17. c4 Bg4 18. h3 Be6 19. Nxf6+ Qxf6 20. g4 h5
21. g5 Qg6 22. Kh2 f6 23. Rg1 f5 24. h4 fxe4 25. dxe4 Qxe4 26. g6 Bg4 27. Kg3 Qf4+ 28. Kg2 Ra3 29. Qd5+ Kf8 30. Qf7+ Qxf7
31. gxf7 Bxf3+ 32. Kh2 Rc3 33. Ra1 Rxc4 34. Kg3 Be2 35. f3 Rc3 36. Kf2 Bxf3 37. Ra7 Kxf7 38. Rxb7 Bxb7
0-1

[Event "December Holiday Games"]
[Site "SchemingMind.com"]
[Date "2016.01.04"]
[Round "-"]
[White "Wojtek26"]
[Black "jacksrking"]
[Result "0-1"]
[WhiteCountry "POL"]
[BlackCountry "USA"]
[WhiteElo "1450"]
[WhiteRD "75"]
[BlackElo "1418"]
[BlackRD "64"]
[GameID "393068"]

1. d4 d5 2. c4 Nf6 3. e3 dxc4 4. Bxc4 e6 5. Nf3 Nc6 6. O-O Bd6 7. a3 O-O 8. b4 Bd7 9. Bb2 Nd5 10. e4 Nf4
11. e5 Be7 12. Qd2 Bg5 13. Nxg5 Qxg5 14. Bc1 Qxg2#
0-1

[Event "December Holiday Games"]
[Site "SchemingMind.com"]
[Date "2016.01.05"]
[Round "-"]
[White "maro"]
[Black "Wojtek26"]
[Result "0-1"]
[WhiteCountry "MEX"]
[BlackCountry "POL"]
[WhiteElo "1327"]
[WhiteRD "59"]
[BlackElo "1450"]
[BlackRD "75"]
[GameID "393069"]

1. d4 Nf6 2. Nf3 e6 3. g3 Be7 4. Bg2 O-O 5. O-O d5 6. Nc3 Nc6 7. Re1 h6 8. e4 dxe4 9. Nxe4 b6 10. c3 Bb7
11. b4 Nxe4 12. Rxe4 Nxb4 13. Re3 Nd5 14. Ne5 Nxe3 15. Bxe3 Bxg2 16. Kxg2 Qd5+ 17. Kg1 Rad8 18. c4 Qb7 19. Qa4 Bd6 20. Nc6 Rde8
21. Rb1 e5 22. c5 exd4 23. Bxd4 Be7 24. Nxe7+ Rxe7 25. c6 Qb8 26. Qa3 Rfe8 27. Qc3 f6 28. a4 Qd8 29. Qc4+ Kh8 30. Bc3 Re4
31. Qf1 Rxa4 32. Ra1 Rxa1 33. Bxa1 Qe7 34. Bc3 Qc5 35. Qc1 Qxc6 36. Qa3 a5
0-1

[Event "December Holiday Games"]
[Site "SchemingMind.com"]
[Date "2016.01.05"]
[Round "-"]
[White "Wojtek26"]
[Black "maro"]
[Result "0-1"]
[WhiteCountry "POL"]
[BlackCountry "MEX"]
[WhiteElo "1450"]
[WhiteRD "75"]
[BlackElo "1327"]
[BlackRD "59"]
[GameID "393070"]

1. d4 d5 2. c4 dxc4 3. e3 e6 4. Nf3 Nf6 5. Bxc4 Bd6 6. O-O O-O 7. Nc3 c6 8. a3 Qc7 9. e4 e5 10. dxe5 Bxe5
11. Nxe5 Qxe5 12. f4 Qe7 13. e5 Bg4 14. exf6 Qc5+
0-1

[Event "December Holiday Games"]
[Site "SchemingMind.com"]
[Date "2016.01.07"]
[Round "-"]
[White "Transcendent"]
[Black "Wojtek26"]
[Result "1/2-1/2"]
[WhiteCountry "ENG"]
[BlackCountry "POL"]
[WhiteElo "1656"]
[WhiteRD "56"]
[BlackElo "1578"]
[BlackRD "50"]
[GameID "393071"]

1. d4 d5 2. c4 dxc4 3. e3 e6 4. Bxc4 Nf6 5. Nf3 Bb4+ 6. Bd2 Bxd2+ 7. Nbxd2 O-O 8. O-O Nc6 9. Rc1 a6 10. a3 Re8
11. Re1 b5 12. Ba2 e5 13. dxe5 Nxe5 14. Nxe5 Rxe5 15. Nf3 Qxd1 16. Rexd1 Re7 17. Rd8+ Re8 18. Rxe8+ Nxe8 19. Ne5 Be6 20. Bxe6 fxe6
21. Rc6 Rd8 22. g4 Rd6 23. Rc2 Rd5 24. Nc6 Rg5 25. h3 Kf7 26. f4 Rd5 27. Nb4 Rd1+ 28. Kg2 Re1 29. Kf3 Rh1 30. Kg2 Re1
31. Nxa6 Rxe3 32. Nxc7 Nxc7 33. Rxc7+ Kf8 34. Rc2 Rb3 35. h4 Kf7 36. Kf1 h6 37. Ke1 Kf6 38. Kd1 g5 39. hxg5+ hxg5 40. fxg5+= Kxg5
41. Re2 Kxg4 42. Rxe6 Rxb2 43. Re4+ Kf5 44. Rb4 Rxb4 45. axb4 Ke4 46. Kc2 Kd4 47. Kb3 Kd3 48. Kb2 Kd2 49. Kb3 Kd3 50. Kb2 Kc4
51. Ka3 Kc3 52. Ka2 Kxb4 53. Kb2 Kc4 54. Kc2 b4 55. Kb2 b3 56. Kb1 Kc3 57. Kc1 Kb4 58. Kb2 Kc4 59. Kb1 Kc3 60. Kc1 b2+=
1/2-1/2

[Event "December Holiday Games"]
[Site "SchemingMind.com"]
[Date "2016.01.07"]
[Round "-"]
[White "Wojtek26"]
[Black "Transcendent"]
[Result "0-1"]
[WhiteCountry "POL"]
[BlackCountry "ENG"]
[WhiteElo "1540"]
[WhiteRD "62"]
[BlackElo "1668"]
[BlackRD "58"]
[GameID "393072"]

1. d4 d5 2. c4 c6 3. Nf3 Nf6 4. e3 Bf5 5. c5 b6 6. b4 Nbd7 7. Bd3 Bg6 8. O-O Qc7 9. h3 e5 10. Bxg6 hxg6
11. a3 bxc5 12. bxc5 Be7 13. Nc3 Rb8 14. Re1 O-O 15. e4 dxe4 16. Nxe4 Nxe4 17. Rxe4 Bf6 18. dxe5 Nxe5 19. Nxe5 Bxe5 20. Qe2 Bxa1
21. Bf4 Rb1+ 22. Kh2 Qd7 23. Re7 Qf5 24. Bd6 Bf6 25. Rxa7 Rc1 26. Bxf8 Be5+ 27. g3 Rc2 28. Rxf7 Kxf7
0-1

[Event "December Holiday Games"]
[Site "SchemingMind.com"]
[Date "2016.01.08"]
[Round "-"]
[White "Wojtek26"]
[Black "DANDYLIONHONEYBADGER"]
[Result "1-0"]
[WhiteCountry "POL"]
[BlackCountry "USA"]
[WhiteElo "1578"]
[WhiteRD "50"]
[BlackElo "1335"]
[BlackRD "77"]
[GameID "393074"]

1. d4 d5 2. c4 c6 3. e3 e6 4. Nf3 f6 5. Be2 b5 6. c5 Qa5+ 7. Bd2 b4 8. a3 Na6 9. Bxa6 Bxa6 10. Bxb4 Qb5
11. Nc3 Qc4 12. Rc1 Qd3 13. Nd2 g6 14. Ne2 Nh6 15. Nf4 Qe4 16. Rg1 e5 17. Nxe4 dxe4 18. Ne6 Kd7 19. Nxf8+ Rhxf8 20. d5 Kc7
21. dxc6 Rad8 22. Qa4 Bd3 23. Ba5+ Kc8 24. Bxd8 Rxd8 25. Qxa7 Nf5 26. Qb7#
1-0

[Event "December Holiday Games"]
[Site "SchemingMind.com"]
[Date "2016.01.05"]
[Round "-"]
[White "Mitch The Man"]
[Black "Timaeus"]
[Result "0-1"]
[WhiteCountry "USA"]
[BlackCountry "JPN"]
[WhiteElo "1396"]
[WhiteRD "59"]
[BlackElo "1343"]
[BlackRD "70"]
[GameID "393175"]

1. e4 c5 2. Nf3 d6 3. h3 g6 4. Bc4 Bg7 5. O-O Nf6 6. d3 Nc6 7. a3 Be6 8. Bxe6 fxe6 9. Ng5 Qd7 10. c3 d5
11. Nf3 c4 12. e5 Nh5 13. g4 Bxe5 14. Nxe5 Nxe5 15. gxh5 gxh5 16. d4 Rg8+ 17. Kh2 Nd3 18. Qxh5+ Kd8 19. Be3 Qd6+ 20. Kh1 Kd7
21. Rg1 Rxg1+ 22. Kxg1 Rg8+ 23. Kh1 Nf4 24. Qxh7 Rg5 25. Qh6 Rf5 26. h4 Nh3 27. Kg2 Nf4+ 28. Bxf4 Rxf4 29. f3 Rf6 30. Qh5 Qf4
31. Qg4 Qc1
0-1

[Event "December Holiday Games"]
[Site "SchemingMind.com"]
[Date "2016.01.05"]
[Round "-"]
[White "Timaeus"]
[Black "Mitch The Man"]
[Result "0-1"]
[WhiteCountry "JPN"]
[BlackCountry "USA"]
[WhiteElo "1343"]
[WhiteRD "70"]
[BlackElo "1396"]
[BlackRD "59"]
[GameID "393176"]

1. e4 e5 2. Nf3 f6 3. Bc4 Nh6 4. O-O Be7 5. d3 Nf7 6. Bxf7+ Kxf7 7. Nh4 d6 8. h3 g6 9. Bh6 Bf8 10. Be3 Bg7
11. Nc3 c6 12. Qd2 b5 13. b4 Rf8 14. Bh6 Rg8 15. g4 g5 16. Bxg7 Rxg7 17. Nf5 Bxf5 18. exf5 Nd7 19. Ne4 Nb6 20. Qc3 Qd7
21. Qb3+ Ke7 22. Rfe1 Nd5 23. d4 a5 24. a3 a4 25. Qb2 Nf4 26. Qc3 Nd5 27. Qg3 Kf8 28. h4 Re8 29. c3 Kf7 30. f3 Nf4
31. dxe5 Qa7+ 32. Kh2 Rd8 33. e6+ Ke7 34. Rad1 h6 35. Rd2 Qb6 36. Red1 d5 37. Nc5 Qa7 38. Nd3 Qc7 39. hxg5 hxg5 40. Nc5 Rh7+
41. Kg1 Ne2+ 42. Kf2 Nxg3
0-1

[Event "December Holiday Games"]
[Site "SchemingMind.com"]
[Date "2016.01.05"]
[Round "-"]
[White "Timaeus"]
[Black "grabapawn"]
[Result "0-1"]
[WhiteCountry "JPN"]
[BlackCountry "USA"]
[WhiteElo "1343"]
[WhiteRD "70"]
[BlackElo "1649"]
[BlackRD "64"]
[GameID "393178"]

1. e4 c5 2. Bc4 Nc6 3. Nf3 e6 4. O-O d5 5. exd5 exd5 6. Bb5 Nf6 7. d4 a6 8. Bxc6+ bxc6 9. Be3 c4 10. c3 Bd6
11. Bg5 O-O 12. Re1 Bg4 13. Nbd2 h6 14. Bxf6 Qxf6 15. h3 Be6 16. Rb1 Qg6 17. Re2 Bxh3 18. Nh4 Qg4 19. g3 Rae8 20. Rxe8 Qxd1+
21. Rxd1 Rxe8 22. Kh2 Bg4 23. Nhf3 Re2 24. Kg2 f5 25. Kg1 f4 26. Ne5 Bxe5 27. dxe5 fxg3 28. fxg3 Rxe5 29. Rf1 Re2 30. Nf3 Rxb2
31. Nh2 Bh3 32. Re1 Rg2+ 33. Kh1 Rxa2 34. Nf3 Bg2+ 35. Kg1 Bxf3 36. Re8+ Kh7 37. Rc8 Rg2+ 38. Kf1 d4
0-1

[Event "December Holiday Games"]
[Site "SchemingMind.com"]
[Date "2016.01.05"]
[Round "-"]
[White "jacksrking"]
[Black "Timaeus"]
[Result "1-0"]
[WhiteCountry "USA"]
[BlackCountry "JPN"]
[WhiteElo "1375"]
[WhiteRD "65"]
[BlackElo "1354"]
[BlackRD "69"]
[GameID "393179"]

1. e4 c5 2. Nf3 d6 3. d4 Bg4 4. h3 Bxf3 5. Qxf3 cxd4 6. Bb5+ Nc6 7. Bxc6+ bxc6 8. c3 dxc3 9. Nxc3 e5 10. O-O Be7
11. b4 Rb8 12. Rb1 a6 13. a3 Nf6 14. Bg5 Nxe4 15. Nxe4 f6 16. Be3 a5 17. bxa5 Rxb1 18. Rxb1 Qxa5 19. Nxd6+ Bxd6 20. Qxc6+ Ke7
21. Rb7+ Ke6 22. Qd7+ Kd5 23. Rb5+ Qxb5 24. Qxb5+ Ke6 25. Bc5 Bxc5 26. Qxc5 Ra8 27. Qc6+
1-0

[Event "December Holiday Games"]
[Site "SchemingMind.com"]
[Date "2016.01.05"]
[Round "-"]
[White "Timaeus"]
[Black "jacksrking"]
[Result "1-0"]
[WhiteCountry "JPN"]
[BlackCountry "USA"]
[WhiteElo "1354"]
[WhiteRD "69"]
[BlackElo "1375"]
[BlackRD "65"]
[GameID "393180"]

1. e4 e5 2. Nf3 Nc6 3. Bb5 Nge7 4. d3 g6 5. O-O Bg7 6. Nc3 O-O 7. Be3 a6 8. Bc4 b5 9. Bb3 Bb7 10. Qd2 d5
11. exd5 Nxd5 12. Bh6 Qf6 13. Bxd5 Bxh6 14. Qxh6 Qg7 15. Qe3 Rad8 16. Bxc6 Bxc6 17. Nxe5 Rde8 18. d4 b4 19. Ne4 Re7 20. Nxc6 Rd7
21. Nxb4 a5 22. Nc6 Re8 23. Nf6+ Qxf6 24. Qxe8+ Kg7 25. Qxd7 h5 26. Nxa5 g5 27. Qd5 h4 28. Qe5
1-0

[Event "December Holiday Games"]
[Site "SchemingMind.com"]
[Date "2016.01.05"]
[Round "-"]
[White "maro"]
[Black "Timaeus"]
[Result "0-1"]
[WhiteCountry "MEX"]
[BlackCountry "JPN"]
[WhiteElo "1327"]
[WhiteRD "59"]
[BlackElo "1343"]
[BlackRD "70"]
[GameID "393181"]

1. c4 e5 2. d4 exd4 3. Qxd4 Nc6 4. Qe4+ Be7 5. Nf3 Nf6 6. g3 Nxe4 7. Bg2 Bb4+ 8. Bd2 d5 9. Bxb4 Nxb4 10. b3 Nc2+
0-1

[Event "December Holiday Games"]
[Site "SchemingMind.com"]
[Date "2016.01.06"]
[Round "-"]
[White "Timaeus"]
[Black "maro"]
[Result "0-1"]
[WhiteCountry "JPN"]
[BlackCountry "MEX"]
[WhiteElo "1354"]
[WhiteRD "69"]
[BlackElo "1348"]
[BlackRD "58"]
[GameID "393182"]

1. e4 e5 2. Nf3 Nc6 3. Bb5 Nge7 4. Nc3 a6 5. Bxc6 Nxc6 6. d3 h6 7. O-O Bc5 8. Be3 Bxe3 9. fxe3 d5 10. Nxd5 Be6
11. d4 Bxd5 12. exd5 Qxd5 13. Nxe5 Nxe5 14. dxe5 Qxe5 15. Qd4 Qg5 16. Rad1 O-O 17. Qe4 Rae8 18. Qxb7 Qxe3+ 19. Kh1 Rc8 20. Qxa6 Qg5
21. a4 Ra8 22. Qc6 Ra5 23. b3 Rc5 24. Qe4 Re5 25. Qc4 Kh7 26. Qxc7 Re2 27. g3 Qh5 28. h4 Qg4 29. Kg1 Qh3 30. Rf2 Rxf2
31. Kxf2 Qh2+ 32. Kf3 Re8 33. Qc4 f5 34. Rd7 Qh1+ 35. Kf2 Qe1+ 36. Kg2 Re2+ 37. Qxe2 Qxe2+ 38. Kh3 Qxc2 39. Rb7 Qc3 40. Rf7 Qf3
41. Kh2 h5 42. b4 Kg6 43. Rc7 Kf6 44. Rc2 f4 45. gxf4 Qxf4+ 46. Kh3 Qf5+ 47. Kh2 Qxc2+
0-1

[Event "December Holiday Games"]
[Site "SchemingMind.com"]
[Date "2016.01.07"]
[Round "-"]
[White "Timaeus"]
[Black "Transcendent"]
[Result "0-1"]
[WhiteCountry "JPN"]
[BlackCountry "ENG"]
[WhiteElo "1354"]
[WhiteRD "69"]
[BlackElo "1668"]
[BlackRD "58"]
[GameID "393183"]

1. e4 e6 2. Bc4 d5 3. exd5 exd5 4. Bb3 c5 5. d3 Nf6 6. Bg5 Be6 7. Ne2 Nc6 8. O-O Be7 9. h3 O-O 10. Nf4 Na5
11. Re1 Nxb3 12. axb3 Rc8 13. Nxe6 fxe6 14. Rxe6 Qd7 15. Re2 Bd6 16. Nc3 d4 17. Ne4 Nxe4 18. Rxe4 Qf5 19. f3 Qxg5 20. Rg4 Qe5
21. c4 Qe3+ 22. Kh1 Rf4 23. Rxa7 Rxg4 24. fxg4 Qg3 25. Qg1 Re8 26. Ra1 Qxd3 27. Rd1 Qxb3
0-1

[Event "December Holiday Games"]
[Site "SchemingMind.com"]
[Date "2016.01.07"]
[Round "-"]
[White "Transcendent"]
[Black "Timaeus"]
[Result "1-0"]
[WhiteCountry "ENG"]
[BlackCountry "JPN"]
[WhiteElo "1668"]
[WhiteRD "58"]
[BlackElo "1354"]
[BlackRD "69"]
[GameID "393184"]

1. d4 e5 2. dxe5 f6 3. exf6 Nxf6 4. Bg5 Be7 5. Nf3 Nc6 6. Nc3 O-O 7. e3 d5 8. Nd4 Ne4 9. Bxe7 Nxe7 10. Nxe4 dxe4
11. Bc4+ Nd5 12. Qh5 Be6 13. Nxe6
1-0

[Event "December Holiday Games"]
[Site "SchemingMind.com"]
[Date "2016.01.09"]
[Round "-"]
[White "DANDYLIONHONEYBADGER"]
[Black "Timaeus"]
[Result "0-1"]
[WhiteCountry "USA"]
[BlackCountry "JPN"]
[WhiteElo "1289"]
[WhiteRD "73"]
[BlackElo "1377"]
[BlackRD "70"]
[GameID "393186"]

1. Nc3 d5 2. d4 Nc6 3. e4 e6 4. exd5 exd5 5. Qe2+ Be7 6. Nf3 h6 7. Ne5 Bb4 8. a3 Nxd4 9. Qd1 Ba5 10. Qxd4 Bb6
11. Qxd5 Bxf2+ 12. Kxf2 Qf6+ 13. Kg1 Ne7 14. Qb5+ c6 15. Qe2 O-O 16. Bd2 Bf5 17. Nd7 Bxd7 18. Re1 Rae8 19. Ne4 Qxb2 20. Nd6 Rd8
21. Bc1 Qb6+ 22. Be3 c5 23. Qf2 Qxd6 24. Bxc5 Qc6 25. Bxe7 Rde8 26. Bxf8 Rxe1 27. Bb4 Rc1 28. Bd2 Rxc2 29. Bd3 Ra2 30. Qxa7 Rxd2
31. Qe3 Qc1+ 32. Bf1 Bc6 33. h3 Bxg2 34. Kh2 Bxh1+ 35. Kxh1 Qxf1+ 36. Qg1 Qxh3+
0-1

[Event "December Holiday Games"]
[Site "SchemingMind.com"]
[Date "2016.01.06"]
[Round "-"]
[White "Timaeus"]
[Black "Wojtek26"]
[Result "0-1"]
[WhiteCountry "JPN"]
[BlackCountry "POL"]
[WhiteElo "1343"]
[WhiteRD "70"]
[BlackElo "1450"]
[BlackRD "75"]
[GameID "393187"]

1. e4 e5 2. Bc4 d6 3. Nc3 Nf6 4. d3 h6 5. Nf3 Bg4 6. h3 Bh5 7. Nd5 Nxd5 8. exd5 Nd7 9. O-O Nb6 10. Bb5+ Nd7
11. Bxd7+ Qxd7 12. Be3 Be7 13. g4 Bg6 14. Nd2 h5 15. Ne4 O-O 16. gxh5 Bxe4 17. dxe4 Qxh3 18. f4 Qxe3+ 19. Rf2 Bh4 20. Qe1 Bxf2+
21. Qxf2 Qxf2+ 22. Kxf2 f5 23. Rg1 fxe4 24. h6 Rxf4+ 25. Ke2 Raf8 26. Rxg7+ Kh8 27. Kd2 R4f7 28. Rg3 Rf2+
0-1

[Event "December Holiday Games"]
[Site "SchemingMind.com"]
[Date "2016.01.07"]
[Round "-"]
[White "Wojtek26"]
[Black "Timaeus"]
[Result "1-0"]
[WhiteCountry "POL"]
[BlackCountry "JPN"]
[WhiteElo "1450"]
[WhiteRD "75"]
[BlackElo "1343"]
[BlackRD "70"]
[GameID "393188"]

1. d4 e5 2. dxe5 f6 3. exf6 Nxf6 4. Bg5 Be7 5. e3 d5 6. Nf3 Bf5 7. Bd3 Be4 8. Nc3 Bxf3 9. Qxf3 Nc6 10. Bb5 Ne4
11. Bxe7 Qxe7 12. O-O O-O-O 13. Bxc6 bxc6 14. Nxe4 dxe4 15. Qf5+ Kb8 16. Rfd1 g6 17. Qa5 Ka8 18. g3 Rd7 19. Rd4 Rhd8 20. Ra4 Rd1+
21. Rxd1 Rxd1+ 22. Kg2 Kb8 23. Qxa7+ Kc8 24. Rc4 Kd7 25. Rd4+ Rxd4 26. Qxd4+ Kc8 27. a4 Qf8 28. Qxe4 c5 29. Qa8+
1-0

[Event "December Holiday Games"]
[Site "SchemingMind.com"]
[Date "2016.01.14"]
[Round "-"]
[White "Mitch The Man"]
[Black "emvarela"]
[Result "0-1"]
[WhiteCountry "USA"]
[BlackCountry "ARG"]
[WhiteElo "1439"]
[WhiteRD "62"]
[BlackElo "1684"]
[BlackRD "47"]
[GameID "393500"]

1. e4 e5 2. Nf3 Nc6 3. c3 d5 4. Bd3 Nf6 5. Qe2 Bg4 6. O-O dxe4 7. Bxe4 Nxe4 8. Qxe4 Bxf3 9. Qxf3 Qf6 10. Qxf6 gxf6
11. Re1 O-O-O 12. b4 a6 13. Na3 Bd6 14. Nc4 b5 15. Nxd6+ cxd6 16. d3 d5 17. a4 Kd7 18. Bh6 Rhg8 19. axb5 axb5 20. Bc1 Ra8
21. Rxa8 Rxa8 22. Bh6 d4 23. cxd4 Nxd4 24. Rb1 Nc2 25. h3 Ra1 26. Rxa1 Nxa1 27. Bf8 Ke6 28. g4 f5 29. gxf5+ Kxf5 30. Kg2 Nb3
31. Kf3 Nd4+ 32. Kg3 Ne2+ 33. Kf3 Nf4 34. Bh6 Nxh3 35. Be3 Ng5+ 36. Bxg5 Kxg5 37. Ke4 h5 38. Kxe5 h4
0-1

[Event "December Holiday Games"]
[Site "SchemingMind.com"]
[Date "2016.01.14"]
[Round "-"]
[White "emvarela"]
[Black "Mitch The Man"]
[Result "1-0"]
[WhiteCountry "ARG"]
[BlackCountry "USA"]
[WhiteElo "1720"]
[WhiteRD "49"]
[BlackElo "1391"]
[BlackRD "62"]
[GameID "393501"]

1. e4 e5 2. Nf3 d6 3. d4 Qe7 4. dxe5 dxe5 5. h3 h6 6. Qd5 Nc6 7. Bb5 Be6 8. Bxc6+ Bd7 9. Bxd7+ Qxd7 10. Qxd7+ Kxd7
11. Nxe5+ Ke6 12. Bf4 Bd6 13. Nd3 Bxf4 14. Nxf4+ Ke5 15. Nd3+ Kxe4 16. Nd2+ Kd5 17. O-O-O f5 18. Nf4+ Kc6 19. Rhe1 b5 20. Re6+ Kb7
21. Nb3 Nf6 22. Nc5+ Kc8 23. Nd5 Ne4 24. Ne7+ Kb8 25. Nxe4
1-0

[Event "December Holiday Games"]
[Site "SchemingMind.com"]
[Date "2016.01.14"]
[Round "-"]
[White "grabapawn"]
[Black "emvarela"]
[Result "1/2-1/2"]
[WhiteCountry "USA"]
[BlackCountry "ARG"]
[WhiteElo "1616"]
[WhiteRD "63"]
[BlackElo "1684"]
[BlackRD "47"]
[GameID "393502"]

1. e4 e5 2. Nf3 Nc6 3. Nc3 Nf6 4. Bc4 Nxe4 5. d4 Nxc3 6. bxc3 d5 7. Bb3 Bg4 8. h3 Bxf3 9. Qxf3 e4 10. Qf5 Ne7
11. Qh5 g6 12. Qe5 Rg8 13. Bg5 Qd6 14. O-O-O Qxe5 15. dxe5 h6 16. Bxe7 Bxe7 17. Bxd5 c6 18. Bxe4 Rd8 19. Rd4 Rxd4 20. cxd4 f5
21. Bd3 b5 22. c3 Bg5+ 23. Kc2 Kd7 24. Re1 Re8 25. Kd1 Ke6 26. c4 a6 27. a3 Rd8 28. Kc2 Be7 29. cxb5 axb5 30. a4 Rxd4
31. axb5 cxb5 32. g3 Rb4 33. Kc3 Bc5 34. Re2 Kd5 35. e6 Be7 36. Kd2 Rb2+ 37. Ke3 Rxe2+ 38. Kxe2 b4 39. f3 Kxe6 40. Ke3 Bc5+
41. Ke2 Kd5 42. Kd2 Bd4 43. g4 fxg4 44. hxg4 g5 45. Bg6 Bc3+ 46. Kd3 Kc5 47. Kc2 Kd4=
1/2-1/2

[Event "December Holiday Games"]
[Site "SchemingMind.com"]
[Date "2016.01.14"]
[Round "-"]
[White "emvarela"]
[Black "grabapawn"]
[Result "1-0"]
[WhiteCountry "ARG"]
[BlackCountry "USA"]
[WhiteElo "1720"]
[WhiteRD "49"]
[BlackElo "1660"]
[BlackRD "66"]
[GameID "393503"]

1. e4 c5 2. Nf3 Nc6 3. d4 Nf6 4. Nc3 cxd4 5. Nxd4 e5 6. Nxc6 bxc6 7. Bg5 Bb4 8. Qf3 h6 9. Bxf6 gxf6 10. O-O-O Qe7
11. Bc4 Bb7 12. Na4 O-O-O 13. a3 Ba5 14. Qb3 d5 15. exd5 cxd5 16. Bxd5 Rd7 17. Bxb7+ Rxb7 18. Qc4+ Kb8 19. Nc5 Rc8 20. Na6+
1-0

[Event "December Holiday Games"]
[Site "SchemingMind.com"]
[Date "2016.01.14"]
[Round "-"]
[White "jacksrking"]
[Black "emvarela"]
[Result "0-1"]
[WhiteCountry "USA"]
[BlackCountry "ARG"]
[WhiteElo "1387"]
[WhiteRD "66"]
[BlackElo "1684"]
[BlackRD "47"]
[GameID "393504"]

1. e4 e5 2. Nf3 Nc6 3. Nc3 Nf6 4. a3 d6 5. h3 a6 6. Bc4 h6 7. O-O b5 8. Bd5 Bb7 9. d4 Nxd5 10. Nxd5 exd4
11. Nxd4 Nxd4 12. Qxd4 c5 13. Qd2 Be7 14. f4 Bxd5 15. Qxd5 O-O 16. c4 bxc4 17. Qxc4 Qb6 18. b3 Qb5 19. Qxb5 axb5 20. Be3 Ra6
21. g3 Rfa8 22. a4 bxa4 23. bxa4 Rxa4 24. Rxa4 Rxa4 25. f5 Rxe4 26. Bf4 d5 27. h4 c4 28. Kg2 Bc5 29. Kf3 Rd4 30. g4 Rd3+
31. Ke2 Rh3 32. h5 c3 33. Rd1 d4 34. Be5 Re3+ 35. Kf2 Rxe5 36. Kf3 Re3+ 37. Kf4 Bd6#
0-1